000 00560nam a2200169 i 4500
001 99437
003 ES-MaACL
005 20230906182510.0
007 t|
008 050908s1971 sp ||||1| spa d
100 1 _aMartinell Gifre, Francisco.
_9171824
245 1 4 _aLas escuelas familiares agrarias /
_cpor Francisco Martinell.
260 _aMadrid :
_bConfederación Española de Cajas de Ahorro,
_c1971.
300 _a346 p. con 13 lám. ;
_c21 cm.
710 2 _aConfederación Española de Cajas de Ahorros.
_93148
852 _aES-MaACL
_jC-46879
_bR.77887
999 _c99437
_d99437